000 00384nam a22001337a 4500
999 _c115348
_d115348
005 20220113153612.0
008 200103b ||||| |||| 00| 0 eng d
040 _cPK-LaUMT
082 _a346.00264
_bUNC-
245 _aUnclassified cases [UC, Vol. XXIV, 2003]
_cedited by M. Farani. . .[et al.]
260 _aLahore:
_bNational Law Reporter,
_c2003
300 _a904 p.
942 _cLPJ